000
00292nam a22001217a 4500
008
171004b xxu||||| |||| 00| 0 eng d
041
_a
eng
080
_a
159.9
100
_a
48
101
_a
PSI
245
_a
A HAND BOOK CLINICAL ACTUAL MMPI INTERPRETATION
_c
DUKER.J
942
_2
udc
_c
BK
999
_c
31555
_d
31555